书目信息 |
| 题名: |
以案说法
|
|
| 作者: | 王中原 主编 ;以案说法—中国航空工业第二集团公司案例选编编委会 编 | |
| 分册: | ||
| 出版信息: | 北京 航空工业出版社 2008.01 |
|
| 页数: | 253页 | |
| 开本: | 23cm | |
| 丛书名: | ||
| 单 册: | ||
| 中图分类: | D922.291.9 | |
| 科图分类: | ||
| 主题词: | 企业法--qi ye fa--案例--分析--中国 | |
| 电子资源: | ||
| ISBN: | 978-7-80243-116-4 | |
| 000 | 01340nam0 2200265 450 | |
| 001 | 012009041921 | |
| 005 | 20090917153542.90 | |
| 010 | @a978-7-80243-116-4@dCNY30.00 | |
| 100 | @a20090917d2008 em y0chiy0120 ea | |
| 101 | 0 | @achi |
| 102 | @aCN@b110000 | |
| 105 | @ay z 000yy | |
| 106 | @ar | |
| 200 | 1 | @a以案说法@Ayi an shuo fa@e中国航空工业第二集团公司案例选编@f《以案说法—中国航空工业第二集团公司案例选编》编委会编@F《yi an shuo fa—zhong guo hang kong gong ye di er ji tuan gong si an li xuan bian》bian wei hui bian |
| 210 | @a北京@c航空工业出版社@d2008.01 | |
| 215 | @a253页@d23cm | |
| 314 | @a书中题 : 王中原主编 | |
| 330 | @a本书将中航二集团所属企事业单位生产经营中实际发生过的案例精心挑选出30个,按所涉法律部门分类整理,并按案情介绍、处理经过、经验教训与案例评析、本案法律要点四部分体例编排,基本涵盖了企事业日常生产经营中遇到的主要法律问题。 | |
| 517 | 1 | @a中国航空工业第二集团公司案例选编@Azhong guo hang kong gong ye di er ji tuan gong si an li xuan bian |
| 606 | 0 | @a企业法@Aqi ye fa@x案例@x分析@y中国 |
| 690 | @aD922.291.9@v4 | |
| 701 | 0 | @a王中原@Awang zhong yuan@4主编 |
| 712 | 02 | @a以案说法—中国航空工业第二集团公司案例选编编委会@Ayi an shuo fa—zhong guo hang kong gong ye di er ji tuan gong si an li xuan bian bian wei hui@4编 |
| 801 | 0 | @aCN@bQSSK@c20090917 |
| 905 | @b753942-44@dD922.291.9@eW478@f3 | |
| 以案说法:中国航空工业第二集团公司案例选编/《以案说法—中国航空工业第二集团公司案例选编》编委会编.-北京:航空工业出版社,2008.01 |
| 253页;23cm |
| ISBN 978-7-80243-116-4:CNY30.00 |
| 本书将中航二集团所属企事业单位生产经营中实际发生过的案例精心挑选出30个,按所涉法律部门分类整理,并按案情介绍、处理经过、经验教训与案例评析、本案法律要点四部分体例编排,基本涵盖了企事业日常生产经营中遇到的主要法律问题。 |
| ● |
| 相关链接 |
|
|
|
正题名:以案说法
索取号:D922.291.9/W478
 
预约/预借
| 序号 | 登录号 | 条形码 | 馆藏地/架位号 | 状态 | 备注 |
| 1 | 753942 | 207539421 | 社科库509/509社科库 87排8列2层/ [索取号:D922.291.9/W478] | 在馆 | |
| 2 | 753943 | 207539430 | 社科库509/509社科库 87排8列2层/ [索取号:D922.291.9/W478] | 在馆 | |
| 3 | 753944 | 207539449 | 社科库509/509社科库 87排8列2层/ [索取号:D922.291.9/W478] | 在馆 |